| 000 | 01634nam a22001577a 4500 | ||
|---|---|---|---|
| 041 | _aukr | ||
| 080 | _a09 | ||
| 090 | _bХАР | ||
| 100 | _aХарченко Л. А. | ||
| 245 | _aЛінгвістичні особливості маніпулятивного впливу у жіночих англомовних журналах | ||
| 260 |
_aОстрог _bКАФ _c2012 |
||
| 300 | _a73 | ||
| 520 |
_aВСТУП
РОЗДІЛ 1 ЯВИЩЕ "МАНІПУЛЯЦІЇ" У МЕДІАТЕКСТАХ
1.1 Особливості медіатексту
1.2 Явище "мовної маніпуляції" у медіатекстах
1.3 Маніпулятивні стратегії і тактики
1.4 Маніпулятивні методи у медіатектсті
РОЗДІЛ 2 МОВНА СПЕЦИФІКА ЖУРНАЛІВ ДЛЯ ЖІНОК
2.1 Лінгвістичні засоби маніпуляції у медіатекстах
2.2 Типоутворювальні ознаки жіночих журналів
2.3 Гендерні маркери в текстах англомовних жіночих журналів
РОЗДІЛ 3 ВИЯВЛЕННЯ ЛІНГВІСТИЧНИХ МАНІПУЛЯТИВНИХ ПРИЙОМІВ У СТАТТЯХ АНГЛОМОВНИХ ЖІНОЧИХ ЖУРНАЛІВ
3.1 Фреймовий аналіз як метод дослідження
3.2 Аналіз статей англомовних жіночих журналів: Marie Claire, BRITE, Oprah Magazine, Cosmopolitan
ВИСНОВКИ _0маніпуляція, медіатекст |
||
| 650 | _aResearch Papers | ||
| 999 |
_c284981 _d284981 |
||
| 942 | _cBK | ||